Ejercicio y salud (Registro nro. 10064)
[ vista simple ]
| 000 -Cabecera | |
|---|---|
| Campo de control de longitud fija | 01063nam a22003977a 4500 |
| 005 - Fecha y hora de la última transacción | |
| Campo de control | 20260416170243.0 |
| 008 - Elementos de longitud fija--Información general | |
| Campo de control de longitud fija | 171208b xxu||||| |||| 00| 0 spa d |
| 020 ## - International Standard Book Number | |
| Número Internacional Estándar del Libro (ISBN) | 9789706865564 |
| 041 ## - Idioma | |
| Código de idioma | Español |
| 082 ## - Clasificación Decimal Dewey | |
| Número de clasificación | 613.71 H693e |
| 100 ## - Entrada principal--Autor personal | |
| Nombre personal | Hoeger, Werner |
| 9 (RLIN) | 44847 |
| 100 ## - Entrada principal--Autor personal | |
| Nombre personal | Hoeger, Sharon |
| 9 (RLIN) | 44848 |
| 245 ## - Título propiamente dicho | |
| Título | Ejercicio y salud |
| 260 ## - Pie de imprenta | |
| Lugar de publicación, distribución, etc. | México |
| 260 ## - Pie de imprenta | |
| Nombre del editor, distribuidor, etc. | Thomson |
| 260 ## - Pie de imprenta | |
| Fecha de publicación, distribución, etc. | 2006 |
| 300 ## - Descripción física | |
| Extensión | 274 páginas |
| 490 ## - Serie | |
| Título de la Serie | Temática General |
| 505 ## - Nota de contenido | |
| Nota de contenido | Contiene disco compacto N° 55 |
| 650 ## - Materia general | |
| Temática (materia general) | EJERCICIO Y ACTIVIDADES DEPORTIVAS |
| 650 ## - Materia general | |
| Temática (materia general) | BENEFICIOS EJERCICIOS |
| 650 ## - Materia general | |
| Temática (materia general) | SALUD |
| 650 ## - Materia general | |
| Temática (materia general) | CALIDAD DE VIDA |
| 650 ## - Materia general | |
| Temática (materia general) | VALORACIÓN DE CONDICIÓN FÍSICA |
| 650 ## - Materia general | |
| Temática (materia general) | RESISTENCIA CARDIORESPIRATORIA |
| 650 ## - Materia general | |
| Temática (materia general) | EVALUACIÓN DE ACTIVIDADES FÍSICAS |
| 650 ## - Materia general | |
| Temática (materia general) | NUTRICIÓN PARA EL BIENESTAR |
| 650 ## - Materia general | |
| Temática (materia general) | MANEJO DEL PESO |
| 650 ## - Materia general | |
| Temática (materia general) | DIETAS |
| 650 ## - Materia general | |
| Temática (materia general) | MANEJO DEL ESTRÉS |
| 650 ## - Materia general | |
| Temática (materia general) | FLEXIBILIDAD |
| 650 ## - Materia general | |
| Temática (materia general) | METAS |
| 650 ## - Materia general | |
| Temática (materia general) | CONDUCTA |
| 650 ## - Materia general | |
| Temática (materia general) | SUPERVISIÓN |
| 942 ## - Punto de acceso adicional KOHA | |
| Tipo de ítem KOHA | Libro |
| Fuente del sistema de clasificación o colocación | Dewey Decimal Classification |
| Signatura completa | Código de barras | Tipo de ítem |
|---|---|---|
| 651.1 H693e | 16802 | Libro |
| 651.1 H693e | 55DC | Disco Compacto |